| 000 | 00523nam a2200217Ia 4500 | ||
|---|---|---|---|
| 008 | 101110s9999 xx 000 0 und d | ||
| 041 | _aMARATHI | ||
| 082 | _bSR33880 | ||
| 100 | _aLiman S.S. & Rawerkar D.P. | ||
| 245 | _aLekha parikshan TYBCOM | ||
| 260 |
_c2009 _bSheth prakashan, Mumbai |
||
| 300 | _a174 | ||
| 365 | _b80 | ||
| 520 | _aCommerce | ||
| 546 | _aMARATHI | ||
| 630 | _aLekha parikshan TYBCOM | ||
| 650 | _aCommerce | ||
| 655 | _aCommerce | ||
| 730 | _aLekha parikshan TYBCOM | ||
| 942 | _cBOOK | ||
| 999 |
_c826381 _d826378 |
||